000 01205nam a2200313 4500
001 12473
003 ES-MaACL
005 20251120063120.0
007 t|
008 000000s19850000sp a ||||0|bspa d
016 7 _zIBH8705214165
020 _a84-235-0705-X
040 _aIBH
_bspa
_cM-BN-DP
080 _a92 Lichnowsky, Felix Maria Vincenz Andreas, Fürst
080 _a946"1833/40"
100 1 _aBurgo, Jaime del,
_d1912-2005
_932641
245 1 0 _aDe la España romántica : lances y aventuras de un general prusiano, (1837-1848) /
_cJaime del Burgo.
260 _aPamplona :
_bGobierno de Navarra, Departamento de Educación y Cultura : Institución Príncipe de Viana,
_c1985.
300 _a214 p :
_bil ;
_c24 cm.
490 1 _aSerie Historia. 47
500 _aIndices.
600 1 4 _aLichnowsky, Felix Maria Vincenz Andreas
_cFürst.
_972179
651 4 _aEspaña-
_xHistoria-
_y1833-1840, Guerra carlista
_98250
710 1 _aNavarra (Comunidad Autónoma).
_bDepartamento de Educación y Cultura.
_95980
710 2 _aInstitución Príncipe de Viana
_94730
830 0 _aSerie Historia. 47
_9228303
852 _aES-MaACL
_jL-19692
_bR.119315
999 _c12473
_d12473